000 00720nam a22002057a 4500
999 _c61823
_d61823
005 20240521095931.0
008 240521s2009 enk||||| |||| 00| 0 eng d
020 _a9781405145084x
041 _aeng
080 _a616.21 B-93
100 _aBull, Peter D.
_922130
245 _aLecture Notes:
_bDiseases of the Ear, Nose and Throat /
_cPeter D. Bull, Ray Clarke.
250 _a10th Edition
264 _aOxford :
_bWiley-Blackwell,
_c2009.
300 _a208 p.:
_bill.;
_c22 cm.
653 _a ყურის, ცხვირისა და ყელის დაავადებები
653 _aმედიცინა
700 _aClarke, Ray
_eავტორი
_98795
942 _2udc
_cᲬᲘᲒᲜᲘ